AH International Schools' Libraries

Marvel Avengers Storybook Collection / (Record no. 49230)

MARC details
000 -LEADER
fixed length control field 00363nam a2200121 4500
020 ## - INTERNATIONAL STANDARD BOOK NUMBER
International Standard Book Number 9781474836647
100 ## - MAIN ENTRY--PERSONAL NAME
Personal name Parragon,
Relator term Publisher.
9 (RLIN) 86226
245 ## - TITLE STATEMENT
Title Marvel Avengers Storybook Collection /
Statement of responsibility, etc Published by Parragon books Ltd.
260 ## - PUBLICATION, DISTRIBUTION, ETC. (IMPRINT)
Place of publication, distribution, etc Bath, UK.;
Name of publisher, distributor, etc Parragon book Ltd.:
Date of publication, distribution, etc 2016.
300 ## - PHYSICAL DESCRIPTION
Extent 156 pages.
650 ## - SUBJECT ADDED ENTRY--TOPICAL TERM
9 (RLIN) 59112
Topical term or geographic name as entry element Superheroes.
942 ## - ADDED ENTRY ELEMENTS (KOHA)
Source of classification or shelving scheme
Koha item type Book
Holdings
Withdrawn status Lost status Source of classification or shelving scheme Damaged status Not for loan Home library Current library Date acquired Total Checkouts Full call number Barcode Date last seen Date checked out Price effective from Koha item type
          Logos International School Logos International School 08/11/2025 2 J 813.6 MAR 042842 03/23/2026 03/16/2026 08/11/2025 Book

For any Logos Library related questions please contact Miss Art at swongnarasuk@asianhope.org.

For any Asian Hope Library related questions please contact Miss Raza at graza@asianhope.org.

Click here to explore our ebooks!

Powered by Koha